Roma imago urbis, v: i volti / premessa di piergiorgio parroni :
Guardado en:
| Otros Autores: | , |
|---|---|
| Formato: | Libro |
| Publicado: |
Roma :
Editalia ; Libreria dello Stato,
1993.
|
| Materias: | |
| Etiquetas: |
Agregar Etiqueta
Sin Etiquetas, Sea el primero en etiquetar este registro!
|
| LEADER | 01274nam a22002175a 4500 | ||
|---|---|---|---|
| 001 | EHU.bham030253 | ||
| 003 | AR-BHAM | ||
| 005 | 20140407203618.0 | ||
| 008 | 130507s1993##################000#0#####d | ||
| 082 | 7 | 0 | |a 709.37 |
| 245 | 0 | 0 | |a Roma imago urbis, v: i volti / |b premessa di piergiorgio parroni : |c Istituto Poligrafico E Zecca Dello Satto : |
| 260 | |a Roma : |b Editalia ; Libreria dello Stato, |c 1993. | ||
| 300 | |a 146 lám. | ||
| 500 | |a Piano generale dell'opera: Parte 1: Il mito -- Parte Ii: L'inmortalitá -- Parte Iii: Gli Acquedotti -- Parte Iv: Le mura -- Parte V: I volti -- Parte Vi: Le gesta -- Parte Vii: La casa -- Parte Viii: Gli Dei -- Parte Ix: Le opere -- Parte X: Natura e mito -- Parte Xi: Lo stato -- Parte Xii: Gli spettacoli -- Parte Xiii: I colli -- Parte Xiv: Le vie -- Parte Xv: L'immagine di Roma - La fortuna di Roma nel Tempo. | ||
| 505 | 0 | |a Parte V: I volti / Paolo FedeliLe immagini / Vittorio Storaro. Il commento / Franco Barbaresi.Schede storico-biografiche di Pier Giorgio Monti | |
| 653 | |a Roma-historia de | ||
| 653 | |a Roma-arte | ||
| 653 | |a Arte romano | ||
| 700 | 1 | |a Parroni, Piergiorgio, pról | |
| 700 | 1 | |a Storaro, Vittorio, fotógr. | |
| 859 | |a AR-BHAM |b BIB. HUMANIDADES - Lectura de escasa demanda |h 709.37 |i R662 |p 296.07 |t Ej.1 |v V LED1597 |3 V | ||
